| 000 | 01188nam0a2200301 4500 | ||
|---|---|---|---|
| 001 | RU\NLR\bibl\401094 | ||
| 005 | 20260406114111.0 | ||
| 010 |
_a5-17-014583-7 _bАСТ |
||
| 010 |
_a5-94643-031-9 _bПушкин. б-ка |
||
| 021 |
_aRU _b2003-23507 _91098 |
||
| 035 | _a(NLR Aleph) 000395265 | ||
| 090 |
_a540957 _c540957 |
||
| 100 | _a20030521d2002 |||y0rusy50 ca | ||
| 101 | 1 |
_arus _ceng |
|
| 102 | _aRU | ||
| 105 | _ay ||||||||| | ||
| 200 | 1 |
_aПриключения Тома Сойера _aПриключения Гекльберри Финна _aПринц и нищий _aРассказы _e[Пер. с англ.] _fМарк Твен _g[Вступ. ст. и примеч. А.М. Зверева] |
|
| 210 |
_aМ. _cАСТ _cПушкин. б-ка _d2002 |
||
| 215 |
_a717 с. _d22 |
||
| 225 | 1 |
_aЗолотой фонд мировой классики _fРедкол.: Аверинцев С.С. и др. |
|
| 686 | _aШ6(7США)57-4{Лх1977-45} | ||
| 700 | 1 |
_4070 _8rus _7ca _aТвен _bМ. _f1835-1910 _gМарк _3RU\NLR\AUTH\77201 _9110265 |
|
| 801 | 0 |
_aRU _bNLR _c20030521 _gPSBO |
|
| 801 | 1 |
_aRU _bNLR _c20030521 |
|
| 942 | _cBOOK | ||
| 980 | _aNB | ||